Small Geography (Africa) Quiz Stats

 Plays Quiz Updated Nov 28, 2018

Challenge
Share
Tweet
Embed
Score 0/15 Timer 05:00
0 Plays Today
Smallest African... Country % Correct
Country Bordering the Mediterranean SeaTunisia
88%
4-Letter CountryTogo
74.5%
CountrySeychelles
73.1%
Country Bordering the Atlantic OceanSão Tomé and Príncipe
65.8%
Country Bordering the Democratic Republic of the CongoRwanda
65.7%
Landlocked CountryeSwatini
63.4%
Country Bordering NigerBenin
59.4%
Country Beginning with a VoweleSwatini
57.9%
Smallest African... Country % Correct
Two-Word Country NameCabo Verde
54.5%
Country Containing a Portion of Lake VictoriaUganda
52.6%
Country Whose Name Ends in 'i'eSwatini
49.9%
Country Bordering Another Country (Land Border)The Gambia
47.5%
Country Containing an 'f' in its NameBurkina Faso
46.9%
Country Participating in the 2010 World CupGhana
39.6%
Country Not Containing an 'e' in its NameMauritius
39.1%

You're not logged in!

Compare scores with friends on all Sporcle quizzes.
OR
Log In

You Might Also Like...

Show Comments

Extras

Top Quizzes Today


Score Distribution

Your Account Isn't Verified!

In order to create a playlist on Sporcle, you need to verify the email address you used during registration. Go to your Sporcle Settings to finish the process.

Report this User

Report this user for behavior that violates our Community Guidelines.

Details: